000 00308nam a22001337a 4500
008 180928b xxu||||| |||| 00| 0 eng d
020 _a0071418415
041 _aeng
080 _26 ED
_a616.5
100 _a7
101 _aDER
245 _aDermatology In General Medicine
_cIrwinM,F
942 _2udc
_cBK
999 _c48688
_d48688